000 00376nam a2200133Ia 4500
008 150610s9999 xx 000 0 und d
020 _a9781846967047
050 _aQL 666
_b .J12 2008 
100 _aJackson, Tom
245 _aMonster crocs / 
_cTom Jackson.
260 _aGreat Britain :
_bTicktock, 
_c2008.
300 _a32pages :
_bcol. ;
_c26 cm.
520 _aReptiles.
999 _c288248
_d288248